Stolice świata najbliżej Warszawy, z wyjątkami - Statystyki

Ogólne statystyki
  • Ten quiz został rozwiązany 2 340 razy
  • Średni wynik to 16 z 24
Statystyki odpowiedzi
Państwo km Stolica % Poprawnych
Egipt 2 603 Kair
93%
Turcja 1 643 Ankara
89%
Tunezja 1 914 Tunis
82%
Izrael 2 550 Jerozolima
81%
Maroko 3 005 Rabat
81%
Azerbejdżan 2 557 Baku
79%
Algieria 2 225 Algier
78%
Gruzja 1 970 Tbilisi
74%
Cypr 2 136 Nikozja
73%
Iran 3 013 Teheran
73%
Kazachstan 3 412 Astana
71%
Syria 2 417 Damaszek
70%
Armenia 2 238 Erywań
70%
Irak 2 816 Bagdad
68%
Liban 2 348 Bejrut
63%
Arabia Saudyjska 3 747 Rijad
63%
Libia 2 243 Trypolis
61%
Liban 2 555 Amman
53%
Kuwejt 3 374 Kuwejt
53%
Katar 3 940 Ad-Dauha
50%
Uzbekistan 3 799 Taszkent
41%
Turkmenistan 3 289 Aszchabad
33%
Tadżykistan 3 949 Duszanbe
33%
Bahrajn 3 803 Manama
33%
Nie znaleziono quizów pasujących do podanych kryteriów
Rozkład punktacji
Procent ludzi z każdym wynikiem
Percentyl według liczby udzielonych odpowiedzi
Twoja historia wyników
Nie rozwiązałeś tego quizu